[Event "FICGS theme 0001 email"]
[Site "FICGS email"]
[Date "2011.11.22"]
[Round "1"]
[White "Parra, Jose"]
[Black "Garcia, Javier N"]
[Result "1-0"]
[WhiteElo "1604"]
[BlackElo "1578"]
[PlyCount "27"]
[EventDate "2011.??.??"]
[EventType "swiss (corr)"]
[EventRounds "1"]
[SourceTitle "Corr 2013"]
[Source "ChessBase"]
[SourceDate "2012.11.12"]
[SourceVersion "1"]
[SourceVersionDate "2012.11.12"]
[SourceQuality "1"]

1. e4 e5 2. d4 exd4 3. Qxd4 Nc6 4. Qd1 b6 5. Bc4 Nf6 6. Nd2 Bb4 7. c3 Bc5 8. Ngf3 0-0 9. 0-0 Bb7 10. Re1 Re8 11. b4 Bf8 12. Nf1 Nxe4 13. Bxf7+ Kxf7 14. Qd5+ 1-0

[Event "FICGS W-ch st1 g08 email"]
[Site "FICGS email"]
[Date "2011.04.01"]
[Round "1"]
[White "Evans, David R"]
[Black "Parra, Jose"]
[Result "1-0"]
[WhiteElo "2045"]
[BlackElo "1617"]
[PlyCount "57"]
[EventDate "2011.??.??"]
[EventType "tourn (corr)"]
[EventRounds "8"]
[SourceTitle "Corr 2013"]
[Source "ChessBase"]
[SourceDate "2012.11.12"]
[SourceVersion "1"]
[SourceVersionDate "2012.11.12"]
[SourceQuality "1"]

1. e4 c5 2. Nf3 d6 3. d4 cxd4 4. Nxd4 Nf6 5. Nc3 a6 6. Be3 e6 7. f3 b5 8. a3 Bb7 9. Qd2 Nfd7 10. g4 Nb6 11. Bg5 Qc7 12. 0-0-0 N8d7 13. Ncxb5 axb5 14. Nxb5 Qb8 15. Nxd6+ Bxd6 16. Qxd6 Qxd6 17. Rxd6 f6 18. Be3 Nc8 19. Rxe6+ Kf7 20. Bc4 Kg6 21. f4 h6 22. Rd1 Nf8 23. f5+ Kh7 24. Re8 Nd6 25. Rxa8 Nxc4 26. Rb8 Nxe3 27. Rxb7 Nxd1 28. Kxd1 Rg8 29. a4 1-0

[Event "FICGS W-ch st1 g08 email"]
[Site "FICGS email"]
[Date "2011.04.01"]
[Round "1"]
[White "Faust, Dieter"]
[Black "Parra, Jose"]
[Result "1-0"]
[WhiteElo "1755"]
[BlackElo "1617"]
[PlyCount "51"]
[EventDate "2011.??.??"]
[EventType "tourn (corr)"]
[EventRounds "8"]
[SourceTitle "Corr 2013"]
[Source "ChessBase"]
[SourceDate "2012.11.12"]
[SourceVersion "1"]
[SourceVersionDate "2012.11.12"]
[SourceQuality "1"]

1. d4 Nf6 2. Nf3 d5 3. c4 c6 4. Nc3 e6 5. Bg5 Be7 6. e3 Ne4 7. Bxe7 Qxe7 8. Nxe4 dxe4 9. Nd2 f5 10. Qh5+ g6 11. Qh6 Nd7 12. 0-0-0 Nf6 13. Be2 Bd7 14. c5 e5 15. Nc4 Ng8 16. Qh3 f4 17. g4 f3 18. Nd6+ Kf8 19. Bc4 Be6 20. Bxe6 Qxe6 21. Nxe4 Qxa2 22. Qxf3+ Ke7 23. d5 Qc4+ 24. Kb1 cxd5 25. Nd6 Qxc5 26. Rxd5 1-0

[Event "FICGS W-ch st1 g08 email"]
[Site "FICGS email"]
[Date "2011.04.01"]
[Round "1"]
[White "Parra, Jose"]
[Black "Moreira, Jose Americo Paiva"]
[Result "1/2-1/2"]
[WhiteElo "1617"]
[BlackElo "2096"]
[PlyCount "32"]
[EventDate "2011.??.??"]
[EventType "tourn (corr)"]
[EventRounds "8"]
[SourceTitle "Corr 2013"]
[Source "ChessBase"]
[SourceDate "2012.11.12"]
[SourceVersion "1"]
[SourceVersionDate "2012.11.12"]
[SourceQuality "1"]

1. e4 e5 2. Nf3 Nc6 3. Bc4 Nf6 4. Ng5 Bc5 5. Nxf7 Bxf2+ 6. Kxf2 Nxe4+ 7. Ke3 Qh4 8. g3 Nxg3 9. hxg3 Qd4+ 10. Kf3 d5 11. Rh4 e4+ 12. Kg2 0-0 13. Qh5 Rxf7 14. Qxd5 Qf2+ 15. Kh1 Qe1+ 16. Kh2 Qf2+ 1/2-1/2

[Event "FICGS rapid B 000169 email"]
[Site "FICGS email"]
[Date "2010.12.26"]
[Round "1"]
[White "Parra, Jose"]
[Black "Dusk, Jerzy"]
[Result "0-1"]
[WhiteElo "1800"]
[BlackElo "1800"]
[PlyCount "48"]
[EventDate "2010.??.??"]
[EventType "tourn (rapid)"]
[EventRounds "6"]
[SourceTitle "Corr 2013"]
[Source "ChessBase"]
[SourceDate "2012.11.12"]
[SourceVersion "1"]
[SourceVersionDate "2012.11.12"]
[SourceQuality "1"]

1. e4 c5 2. Nf3 d6 3. d4 cxd4 4. Nxd4 Nf6 5. Nc3 a6 6. Be2 e5 7. Nf3 h6 8. h3 Be7 9. Be3 0-0 10. Qd2 Nc6 11. 0-0-0 Be6 12. Kb1 b5 13. Bd3 Qa5 14. b3 Nb4 15. Kb2 d5 16. a3 Nxd3+ 17. Qxd3 Rac8 18. Nxd5 Qxa3+ 19. Kb1 Bxd5 20. exd5 e4 21. Qe2 exf3 22. Qxf3 Rfd8 23. Rd3 Nxd5 24. Bd4 Nb4 0-1